000 00612nam a2200205Ia 4500
003 GCL
008 140319s9999 xx 000 0 ara d
040 _aGCL /
_cGCL
082 0 4 _a787.67
_bع د
100 1 _aعبدالمنعم عرفة
245 1 0 _aدراسة العود /
_cعبدالمنعم عرفة
700 1 _aصقر على
300 _a144 ص
490 _aالهيئة العامة للاستعلامات
_v0
650 0 4 _aالموسيقى
650 0 4 _aالالات الموسيقية
650 0 4 _aالالات الموسيقية الوترية
650 0 4 _aالعود
942 _2ddc
_cBK
999 _c50009
_d50009